Ephémérides des campagnes belges en Afrique (1914-1917). (Registro nro. 173339)

Detalles MARC
000 -LEADER
campo de control de longitud fija 00469nam a22001455i 4500
001 - NÚMERO DE CONTROL
campo de control 173339
003 - IDENTIFICADOR DE NÚMERO DE CONTROL
campo de control ES-MaACL
005 - FECHA Y HORA DE LA ÚLTIMA TRANSACCIÓN
campo de control 20230906215221.0
008 - DATOS DE LONGITUD FIJA--INFORMACIÓN GENERAL
campo de control de longitud fija 091126s1918 be |||| | fre d
245 00 - MENCIÓN DEL TÍTULO
Título Ephémérides des campagnes belges en Afrique (1914-1917).
260 ## - PUBLICACIÓN, DISTRIBUCIÓN, ETC.
Lugar de publicación, distribución, etc. Le Havre :
Nombre del editor, distribuidor, etc. Ed. du "Bureau documentaire belge",
Fecha de publicación, distribución, etc. 1918.
300 ## - DESCRIPCIÓN FÍSICA
Extensión 15 p. ;
Dimensiones 16 cm.
650 #4 - PUNTO DE ACCESO ADICIONAL DE MATERIA--TÉRMINO DE MATERIA
Término de materia o nombre geográfico como elemento de entrada Guerra mundial, 1914-1918-
Subdivisión general Campañas-
Subdivisión geográfica África.
9 (RLIN) 141634
852 ## - LOCALIZACIÓN
Ubicación ES-MaACL
Número de control de estantería 1489-F-12
Existencias
Estatus retirado Estado de pérdida Estado de daño No para préstamo Colección Biblioteca de origen Biblioteca actual Ubicación en estantería Fecha de adquisición Fuente de adquisición Total de préstamos Signatura topográfica completa Código de barras Visto por última vez Precio de reemplazo Tipo de ítem Koha
        Colección de folletos Biblioteca del Ateneo de Madrid Biblioteca del Ateneo de Madrid Depósito folletos 26/11/2009     1489-F-12 1181914 23/02/2023 23/02/2023 Folleto